000 00601nam a2200229Ia 4500
003 OSt
005 20220918200738.0
006 a|||||r|||| 00| 0
007 ta
008 220917b |||||||| |||| 00| 0 eng d
024 _a90,096
037 _cTextual
040 _aARTS
_cARTS
_beng
041 _2eng
_aeng
082 _aU8:497:N2, G9 (U)
100 _aAmbolt Nils
_995380
245 0 _aKaravan
_b travels in Eastern Turkestan, tr.by Joan Bulman
260 _c1939
650 _aGEOGRAPHY
942 _hU8:497:N2, G9 (U)
_cTEXL
_2CC
999 _c213765
_d213765